World's Largest Arabic Speaking Cities Quiz Stats

Quiz Updated Aug 28, 2014

Challenge
Share
Tweet
Embed
Score 0/30 Timer 06:00
8 Plays Today
Population City % Correct
16,400,000Cairo
93.5%
6,600,000Baghdad
86.4%
6,350,000Riyadh
76.5%
3,575,000Damascus
75.6%
2,275,000Dubai
74.8%
2,500,000Tunis
72.3%
1,310,000Tripoli
72.1%
3,600,000Algiers
71.8%
4,975,000Alexandria
71.7%
1,800,000Mecca
68.2%
4,200,000Casablanca
66.2%
1,340,000Beirut
66%
2,050,000Rabat
62.8%
3,250,000Amman
62%
3,950,000Kuwait City
58.1%
Population City % Correct
1,930,000Doha
57.5%
5,400,000Khartoum
53.6%
2,350,000Sana'a
52.3%
1,280,000Medina
46.7%
2,975,000Aleppo
37.7%
1,450,000Manama
37.2%
1,680,000Mogadishu
36.5%
4,050,000Jeddah
35.6%
2,450,000Tel Aviv-Jaffa
33.8%
1,340,000Basra
31.7%
1,630,000Mosul
29.2%
1,710,000Gaza
23.2%
1,310,000Oran
16.6%
2,275,000Dammam
7.9%
1,280,000Sharjah
6.8%

You're not logged in!

Compare scores with friends on all Sporcle quizzes.
Sign Up with Email
OR
Log In

You Might Also Like...

Show Comments

Extras

Top Quizzes Today


Score Distribution

Your Account Isn't Verified!

In order to create a playlist on Sporcle, you need to verify the email address you used during registration. Go to your Sporcle Settings to finish the process.